nommez les personnages de Harry Potter. - Statistiques

Statistiques générales
  • Ce quiz a été pris 74 fois
  • Le résultat moyen est 18 sur 24
Statistiques - réponses
Par images Réponse % Correct
Harry Potter
100%
Hermione Granger
93%
Sirius Black
92%
Ron Weasley
90%
Albus Dumbledore
87%
Luna Lovegood
85%
Neville Londubat
85%
Dobby
82%
Ginny Weasley
82%
Lucius Malefoy
82%
Hedwige
80%
Severus Rogue
80%
Fleur Delacour
75%
Dolores Ombrage
74%
Remus Lupin
72%
Rubeus Hagrid
72%
Viktor Krum
70%
Draco Malefoy
67%
Mimi Geignarde
67%
Cedric Diggory
66%
Lord Voldemort
66%
Narcissa Malefoy
62%
Alastor Maugrey
57%
Olivier Dubois
57%
Aucun quiz correspondant
Distribution des résultats
% des personnes avec chaque résultat
Percentile par nombre de réponses
Votre historique - résultats
Vous n’avez pas pris ce quiz